000 00697nam a2200229Ia 4500
003 OSt
005 20251010085910.0
008 210716s1994 xx 000 0 und d
020 _a8170941660
040 _cAIMIT LIBRARY
041 _aeng
082 _a005.7561
_bARUP
100 _aAruna, Panangipally.
_9143058
245 _aWonder of power builder 3.0 :
_bthe basics /
_cBy Panangipally Aruna and Suvarnalaxmi Pandit.
250 _a1st ed.
260 _aNew Delhi :
_bVision Books ,
_c1994.
300 _axvi,255 p.;
_bPB
_c23 cm.
650 _aDown the rabbit hole
_9143059
650 _aDrag and drop
_9241953
650 _aMore on datawindow
_9241954
942 _2ddc
_cBK
_k005.7561 ARUP
999 _c183101
_d183101